00440nam a2200181 a 4500001001300000003000900013005001700022008004100039020000900080082001300089100001700102245001700119260003900136300000900175500003500184505002200219650001700241nice12345678IN_TiNIC20260116013551.0050524s1985 dela grp 000 0 eng  ac4000a011bKUM aKumar, Girja aBibliography aDelhibVani Educational Bookc1985 a296p aincludes index and biblioraphy2 aAppendices, Index aBibliography